Statistiques concernant Drapeaux de pays avec un Rubik's Cube #1

Cliquez ici pour prendre le quiz!

Statistiques générales

  • Ce quiz a été pris 553 fois
  • Le résultat moyen est 8 sur 10

Statistiques - réponses

DrapeauxPays% Correct
France
100%
Japon
99%
Suède
97%
Pologne
95%
Tchad | Roumanie
94%
Côte d'Ivoire
82%
Colombie
78%
Arménie
67%
Mali
67%
Sierra Leone
56%

Distribution des résultats

Percentile par nombre de réponses

% des personnes avec chaque résultat

Votre développement - résultats

Vous n’avez pas pris ce quiz